[Event "Mittelrhein Verbandsliga-W 17/18"]
[Site "Nordrheinwestfalen"]
[Date "2018.02.04"]
[Round "7.3"]
[White "Chraibi, Mohcine"]
[Black "Blasche, Martin"]
[Result "1/2-1/2"]
[WhiteElo "1943"]
[BlackElo "1771"]
[PlyCount "80"]
[EventDate "2017.09.10"]
[EventType "team-tourn"]
[EventRounds "11"]
[EventCountry "GER"]
[SourceTitle "EXT 2022"]
[Source "ChessBase"]
[SourceDate "2021.10.06"]
[SourceVersion "1"]
[SourceVersionDate "2021.10.06"]
[SourceQuality "1"]
[WhiteTeam "Lendersdorf"]
[BlackTeam "Erftstadt SV"]
[WhiteTeamCountry "GER"]
[BlackTeamCountry "GER"]

1. e4 d5 2. exd5 Qxd5 3. Nc3 Qd6 4. d4 e6 5. Nf3 a6 6. g3 b5 7. Bg2 Bb7 8. 0-0 Nf6 9. Bf4 Qb6 10. Be3 Nd5 11. Nxd5 Bxd5 12. Ne5 Bxg2 13. Kxg2 Qb7+ 14. Kg1 Bd6 15. Qg4 Bf8 16. Rad1 c6 17. Rfe1 Nd7 18. Bg5 Nxe5 19. Rxe5 h6 20. Qh3 Be7 21. Bxe7 Qxe7 22. Rc5 Qd7 23. Qg2 Rc8 24. Qe4 0-0 25. Rd3 Rfd8 26. Rdc3 Qxd4 27. Qxd4 Rxd4 28. Rxc6 Rxc6 29. Rxc6 Rd2 30. Rc8+ Kh7 31. b4 Rd1+ 32. Kg2 Ra1 33. h4 Kg6 34. Rc6 Rxa2 35. Kf3 a5 36. bxa5 Rxa5 37. Ke3 Ra7 38. Rb6 Rc7 39. Kd3 Rc5 40. c3 Kf5 1/2-1/2

[Event "Mittelrhein Verbandsliga-W 16/17"]
[Site "Nordrheinwestfalen"]
[Date "2016.10.02"]
[Round "2.3"]
[White "Vaerst, Joachim"]
[Black "Chraibi, Mohcine"]
[Result "1-0"]
[WhiteElo "1967"]
[BlackElo "1884"]
[PlyCount "67"]
[EventDate "2016.09.11"]
[EventType "team-tourn"]
[EventRounds "11"]
[EventCountry "GER"]
[SourceTitle "EXT 2022"]
[Source "ChessBase"]
[SourceDate "2021.10.06"]
[SourceVersion "1"]
[SourceVersionDate "2021.10.06"]
[SourceQuality "1"]
[WhiteTeam "Erftstadt SV"]
[BlackTeam "Lendersdorf"]
[WhiteTeamCountry "GER"]
[BlackTeamCountry "GER"]

1. e4 c5 2. Nf3 d6 3. d4 cxd4 4. Qxd4 Nc6 5. Bb5 a6 6. Bxc6+ bxc6 7. c4 e5 8. Qd3 Nf6 9. Nc3 Be7 10. Bg5 Rb8 11. b3 Qc7 12. Rd1 Bg4 13. Bxf6 gxf6 14. Rd2 0-0 15. h3 Be6 16. 0-0 Rbd8 17. Rfd1 Kh8 18. Nh4 Rg8 19. Nf5 Bxf5 20. exf5 Qa5 21. Qf3 Qc7 22. Rd3 Rg5 23. Ne4 Rg7 24. R1d2 Rgg8 25. Qd1 d5 26. cxd5 cxd5 27. Rxd5 Rxd5 28. Rxd5 Qc6 29. f3 Qc8 30. Qd2 Qxf5 31. Qe2 Qxh3 32. Nd6 Qe6 33. Qd3 Qh3 34. Nxf7+ 1-0

[Event "Mittelrhein Verbandsliga-W 15/16"]
[Site "Nordrheinwestfalen"]
[Date "2016.05.01"]
[Round "11.4"]
[White "Blasche, Martin"]
[Black "Chraibi, Mohcine"]
[Result "0-1"]
[WhiteElo "1795"]
[BlackElo "1875"]
[PlyCount "96"]
[EventDate "2015.09.06"]
[EventType "team-tourn"]
[EventRounds "11"]
[EventCountry "GER"]
[SourceTitle "EXT 2022"]
[Source "ChessBase"]
[SourceDate "2021.10.06"]
[SourceVersion "1"]
[SourceVersionDate "2021.10.06"]
[SourceQuality "1"]
[WhiteTeam "Erftstadt SV"]
[BlackTeam "Lendersdorf"]
[WhiteTeamCountry "GER"]
[BlackTeamCountry "GER"]

1. d4 Nf6 2. Nf3 g6 3. c4 c5 4. Nc3 cxd4 5. Nxd4 Nc6 6. Nxc6 bxc6 7. g3 Bg7 8. Bg2 Ba6 9. Qa4 Bb7 10. 0-0 0-0 11. Qc2 Qc7 12. Rd1 Rfd8 13. Bd2 d6 14. Rac1 Rab8 15. Ne4 Nxe4 16. Bxe4 Bc8 17. Bc3 Bh6 18. Bd2 Bg7 19. Bc3 Bh6 20. Bd2 Bf8 21. Qa4 Bd7 22. Ba5 Qb7 23. Bxd8 Rxd8 24. Qc2 Bg7 25. b3 Bg4 26. Bg2 Bf5 27. Qd2 Qa6 28. e4 Bg4 29. Re1 Rd7 30. h3 Be6 31. Kh2 c5 32. Bf3 h5 33. Rcd1 Qb7 34. Bg2 Qc8 35. Qc2 Rd8 36. f4 Bf6 37. Qe2 Bc3 38. Rf1 f6 39. Qc2 Ba5 40. e5 Bf5 41. Qe2 dxe5 42. fxe5 Bc3 43. exf6 Bxf6 44. Rxd8+ Qxd8 45. Rd1 Qc8 46. Qf3 Qc7 47. Qa8+ Kh7 48. Qe8 h4 0-1

[Event "Mittelrhein Verbandsliga-W 15/16"]
[Site "Nordrheinwestfalen"]
[Date "2016.04.10"]
[Round "10.3"]
[White "Lauter, Helmut"]
[Black "Chraibi, Mohcine"]
[Result "1-0"]
[WhiteElo "1794"]
[BlackElo "1875"]
[PlyCount "58"]
[EventDate "2015.09.06"]
[EventType "team-tourn"]
[EventRounds "11"]
[EventCountry "GER"]
[SourceTitle "EXT 2022"]
[Source "ChessBase"]
[SourceDate "2021.10.06"]
[SourceVersion "1"]
[SourceVersionDate "2021.10.06"]
[SourceQuality "1"]
[WhiteTeam "Eilendorf Arminia"]
[BlackTeam "Lendersdorf"]
[WhiteTeamCountry "GER"]
[BlackTeamCountry "GER"]

1. d4 Nf6 2. Nf3 c5 3. c3 b6 4. Bg5 Bb7 5. Nbd2 d5 6. e3 Nbd7 7. Be2 e6 8. Ne5 Be7 9. 0-0 0-0 10. f4 Ne8 11. Bxe7 Qxe7 12. Nxd7 Qxd7 13. Nf3 c4 14. a4 Nd6 15. g4 f6 16. Qe1 Bc6 17. Bd1 Rae8 18. Qh4 a5 19. Bc2 Ne4 20. g5 Re7 21. Kh1 Kh8 22. Rg1 e5 23. gxf6 gxf6 24. fxe5 fxe5 25. Bxe4 dxe4 26. Nxe5 Rxe5 27. dxe5 Bxa4 28. Raf1 Rf3 29. Rxf3 exf3 1-0